| 000 | 00980nam a2200205Ia 4500 | ||
|---|---|---|---|
| 999 |
_c40023 _d40023 |
||
| 001 | 6629 | ||
| 003 | GE_BSU | ||
| 005 | 20191210103958.0 | ||
| 008 | 181216s2013||||ge |||||||||||||| ||geo|| | ||
| 040 | _cGE_BSU | ||
| 041 | _ageo | ||
| 080 | _a930.25(479.223))061) ა-86 | ||
| 245 |
_aარხეიონი = Archeion : _b[კრებული] N 5. / _cრედაქტორი თამაზ ფუტკარაძე. |
||
| 264 |
_aთბილისი : _bუნივერსალი, _c2013. |
||
| 300 |
_a131 გვ. : _bილ.; _c25 სმ. |
||
| 653 | _aისტორია | ||
| 700 |
_aფუტკარაძე, თამაზ _eრედაქტორი _95753 |
||
| 710 |
_aაჭარის ავტონომიური რესპუბლიკის მთავრობის საქვეუწყებო დაწესებულება-საარქივო სამმართველო _95754 |
||
| 942 |
_cBK _2udc |
||